Responses for Show #3192 - Tuesday, June 16, 1998

Dave Abbott game 1.

Contestants

[<< previous game]

Dave Abbott, a musician and contract manager from Cincinnati, Ohio

Chris Carson, a newspaper editor from Tacoma, Washington

Natalie Segal, a teacher and legal proofreader from Weathersfield, Connecticut (whose 1-day cash winnings total $9,500)

[next game >>]

Jeopardy! Round responses

MEDICAL HISTORY
U.S. MILITARY MUSEUMS
THE ANIMAL KINGDOM
CHAIRS
JOHN HUGHES FILMS
2-LETTER WORDS
    $100 1
Hernando Cortes

Natalie
    $100 10
Smithsonian

Chris
    $100 11
Vertebrae

Chris
    $100 16
Boston

Dave
    $100 17
Home Alone

Dave
    $100 25
Ax

Dave
    $200 2
Stethoscope

Natalie
    $200 6
Georgia

Chris
    $200 12
Electric catfish

Natalie
    $200 22
Thomas Jefferson

Dave
    $200 18
Ferris Bueller

Dave
    $200 27
Go

Natalie
    $300 3
Wilhelm Roentgen

Dave
    $300 7
WACs (Women's Army Corps)

Chris
    $300 13
Swan

Chris
    $1,000 23
Ted Koppel

Dave
    $300 19
Beethoven

Chris
    $300 28
Ex

Natalie
    $400 4
The Hippocratic Oath

Chris
    $400 8
West Point

Dave
    $400 14
Barbary deer

Chris
    $400 24
Iron

Natalie
    $400 20
Planes, Trains and Automobiles

Chris
    $400 29
Da

Chris
    $500 5
(Natalie: What is an uraeus?)

Caduceus

NatalieChris
    $500 9
Geronimo

Dave
    $500 15
Otter

Chris
    $500 26
(Alex: And we have a minute to go.)

Astronomy

Dave
    $500 21
(Natalie: What is Sweet Sixteen?)

Sixteen Candles

NatalieDave
    $500 30
So

Triple Stumper

Scores at the first commercial break (after clue 15):

Natalie Chris Dave
$0 $2,800 $1,200

Scores at the end of the Jeopardy! Round:

Natalie Chris Dave
$400 $3,900 $3,900

Double Jeopardy! Round responses

NOM DE PLUME
HAIL, HAIL ALBANIA
GIRL GROUPS
THEATER ALFRESCO
TO THE NEAREST...
GIMME AN "F"
    $200 6
(Chris: Who is Lewis... Charles Lewis?)

Lewis Carroll

NatalieChris
    $200 26
(Alex: And we have about a minute left.)

Wag the Dog

Chris
    $200 16
Basketball

Chris
    $200 18
Stephen Foster

Dave
    $200 11
200

Chris
    $200 1
Footsie

Natalie
    $400 7
George Orwell

Dave
    $400 30
(Chris: What is the Mediterranean?)

Adriatic

Chris
Triple Stumper
    $400 17
The Go-Go's

Dave
    $400 19
"The Miracle Worker"

Natalie
    $400 12
7

Chris
    $400 2
Funnies

Chris
    $600 8
Joseph Conrad

Dave
    $600 20
Tirana

Dave
    $600 29
Gorgons

Dave
    $3,000 21
Joseph Smith

Dave
    $600 13
(Dave: What is 3?)

4

ChrisDave
    $600 3
Fin

Dave
    $800 9
Cecil Day-Lewis

Natalie
    $3,000 25
(People's Republic of) China

Dave
    $800 28
"(Ride of the) Valkyries"

Natalie
    $800 22
Sir Walter Raleigh

Dave
    $800 14
(Chris: What is 4 billion?)
(Dave: What is 5 billion?)

6 billion

ChrisDave
Triple Stumper
    $800 4
Folly

Natalie
    $1000 10
Voltaire

Dave
    $1000 24
Italy

Triple Stumper
    $1000 27
League of Women Voters

Natalie
    $1000 23
California

Triple Stumper
    $1000 15
4 light years

Chris
    $1000 5
Fiji

Natalie

Scores at the end of the Double Jeopardy! Round:

Natalie Chris Dave
$5,600 $5,500 $13,700
(lock game)

[wagering suggestions for these scores]

Final Jeopardy! Round responses

LATIN PHRASES
ChrisWhat is Corpus Christy
$5,499
NatalieWhat is
$1,600
DaveWhat is Corpus Christi?
$2,500
Corpus Christi

Final scores:

Natalie Chris Dave
$4,000 $10,999 $16,200
3rd place: Warner Brothers Publications 2nd place: Zenith 32" TV & Bush Home Theater Center New champion: $16,200

Game dynamics:

Coryat scores:

Natalie Chris Dave
$5,600 $5,500 $8,400
14 R,
2 W
19 R,
3 W
22 R
(including 3 DDs),
2 W

Combined Coryat: $19,500

[game clues] [game scores] [suggest correction]

Game tape date: 1998-03-04
The J! Archive is created by fans, for fans. Scraping, republication, monetization, and malicious use prohibited; this site may use cookies and collect identifying information. See terms. The Jeopardy! game show and all elements thereof, including but not limited to copyright and trademark thereto, are the property of Jeopardy Productions, Inc. and are protected under law. This website is not affiliated with, sponsored by, or operated by Jeopardy Productions, Inc. Join the discussion at JBoard.tv.